[Event "Asia-ch U18"]
[Site "Ulaanbaatar"]
[Date "2016.04.12"]
[Round "7"]
[White "Bilguun, Bayarjargal"]
[Black "Lee, Jun Hyeok"]
[Result "0-1"]
[WhiteElo "1764"]
[BlackElo "2278"]
[PlyCount "96"]
[EventDate "2016.04.06"]
[EventType "swiss"]
[EventRounds "9"]
[EventCountry "MGL"]
[SourceTitle "EXT 2017"]
[Source "ChessBase"]
[SourceDate "2016.10.25"]
[SourceVersion "1"]
[SourceVersionDate "2016.10.25"]
[SourceQuality "1"]

1. e4 c5 2. Nc3 Nc6 3. g3 g6 4. Bg2 Bg7 5. d3 d6 6. Be3 e5 7. Qd2 Nge7 8. Bh6 0-0 9. h4 Bxh6 10. Qxh6 f6 11. Nge2 Nd4 12. Qd2 Bg4 13. f4 Qb6 14. Rb1 Rac8 15. 0-0 Qa5 16. Nc1 b5 17. fxe5 dxe5 18. Rf2 Qb6 19. Nd5 Nxd5 20. exd5 c4 21. Kh2 cxd3 22. c3 Nf5 23. Nxd3 Ne3 24. Re1 Nc4 25. Qc2 Rce8 26. Nb4 f5 27. b3 Ne3 28. Qd2 f4 29. gxf4 exf4 30. Qd4 Qd6 31. Kg1 Nf5 32. Qd2 Rxe1+ 33. Qxe1 Nxh4 34. Rd2 Nxg2 35. Rxg2 f3 36. Rxg4 f2+ 37. Qxf2 Rxf2 38. Kxf2 h5 39. Re4 a5 40. Nc6 Kg7 41. Re7+ Kh6 42. c4 bxc4 43. bxc4 Qf4+ 44. Kg1 Qxc4 45. Re5 h4 46. Kg2 Qg4+ 47. Kh2 Qg3+ 48. Kh1 h3 0-1

[Event "Asia-ch U18"]
[Site "Ulaanbaatar"]
[Date "2016.04.09"]
[Round "5"]
[White "Bilguun, Bayarjargal"]
[Black "Munkhbayar, Gijir"]
[Result "1-0"]
[WhiteElo "1764"]
[BlackElo "2031"]
[PlyCount "89"]
[EventDate "2016.04.06"]
[EventType "swiss"]
[EventRounds "9"]
[EventCountry "MGL"]
[SourceTitle "EXT 2017"]
[Source "ChessBase"]
[SourceDate "2016.10.25"]
[SourceVersion "1"]
[SourceVersionDate "2016.10.25"]
[SourceQuality "1"]

1. e4 c5 2. Nc3 Nc6 3. g3 g6 4. Bg2 Bg7 5. d3 d6 6. Be3 e5 7. Qd2 Nge7 8. Bh6 0-0 9. h4 Bxh6 10. Qxh6 Nd4 11. h5 g5 12. Qxg5+ Kh8 13. Qf6+ Kg8 14. h6 Ne6 15. f4 Nc6 16. Nd5 Qxf6 17. Nxf6+ Kh8 18. f5 Nc7 19. Bf3 Ne7 20. Bh5 Ng8 21. Nxg8 Kxg8 22. Rh4 Kh8 23. Nf3 Bd7 24. Kf2 a5 25. Rg1 a4 26. g4 a3 27. b3 Nb5 28. Nd2 Ra6 29. g5 Be8 30. c4 Nd4 31. Rhg4 b5 32. Nf3 Nc2 33. Rd1 Nb4 34. Rd2 Ra7 35. Ke3 Nc6 36. Rdg2 b4 37. g6 fxg6 38. fxg6 hxg6 39. Bxg6 Bxg6 40. Rxg6 Raf7 41. Ng5 Rf1 42. Ne6 R8f3+ 43. Ke2 Nd4+ 44. Nxd4 exd4 45. Rxd6 1-0

[Event "Ulaanbaatar Children's Game 5th"]
[Site "Ulaanbaatar"]
[Date "2015.09.18"]
[Round "7.2"]
[White "Bilguun, Bayarjargal"]
[Black "Garidmagnai, Byambasuren"]
[Result "0-1"]
[WhiteElo "1786"]
[BlackElo "2136"]
[PlyCount "70"]
[EventDate "2015.09.14"]
[EventType "tourn"]
[EventRounds "7"]
[EventCountry "MGL"]
[SourceTitle "EXT 2024"]
[Source "ChessBase"]
[SourceDate "2023.10.10"]
[SourceVersion "1"]
[SourceVersionDate "2023.10.10"]
[SourceQuality "1"]

1. e4 e6 2. d3 d5 3. Nd2 Nf6 4. g3 Be7 5. Bg2 0-0 6. Ngf3 c5 7. 0-0 Nc6 8. Re1 b5 9. e5 Nd7 10. Nf1 a5 11. h4 Ba6 12. N1h2 b4 13. h5 a4 14. a3 bxa3 15. bxa3 Rb8 16. h6 g6 17. Ng4 Nd4 18. Nxd4 cxd4 19. f4 Qc7 20. Qd2 Rfc8 21. Re2 Rb6 22. f5 exf5 23. Bxd5 Bb7 24. e6 Bxd5 25. exd7 Qxd7 26. Qe1 Re6 27. Ne5 Qc7 28. Bf4 Bd6 29. Qf2 Bxe5 30. Bxe5 Rxe5 31. Qxd4 f6 32. Rae1 Rce8 33. Kf1 Qa5 34. Rxe5 fxe5 35. Rxe5 Rxe5 0-1

[Event "World ol U16"]
[Site "Ulaanbaatar"]
[Date "2015.08.27"]
[Round "9.1"]
[White "Xu, Zhihang"]
[Black "Bilguun, Bayarjargal"]
[Result "1-0"]
[WhiteElo "2144"]
[BlackElo "1703"]
[PlyCount "113"]
[EventDate "2015.08.20"]
[EventType "team-swiss"]
[EventRounds "9"]
[EventCountry "MGL"]
[SourceTitle "EXT 2016"]
[Source "ChessBase"]
[SourceDate "2015.10.08"]
[SourceVersion "1"]
[SourceVersionDate "2015.10.08"]
[SourceQuality "1"]
[WhiteTeam "China II"]
[BlackTeam "Mongolia"]
[WhiteTeamCountry "CHN"]
[BlackTeamCountry "MGL"]

1. d4 d6 2. e4 Nf6 3. Nc3 e5 4. dxe5 dxe5 5. Qxd8+ Kxd8 6. Bg5 Bd6 7. Bxf6+ gxf6 8. 0-0-0 Be6 9. Nge2 Nd7 10. Ng3 Bc5 11. f3 c6 12. Nd5 cxd5 13. exd5 Ke7 14. dxe6 fxe6 15. Ne4 Be3+ 16. Kb1 Rhd8 17. Bd3 Bc5 18. Bb5 f5 19. Rxd7+ Rxd7 20. Nxc5 Rd5 21. b4 Rg8 22. Bc4 Rd4 23. Bxe6 Rxb4+ 24. Kc1 Rf8 25. Bb3 Rb5 26. Nd3 Kf6 27. a4 Rb6 28. Re1 Re8 29. Nc5 Re7 30. Rd1 Rc6 31. Rd5 e4 32. fxe4 fxe4 33. Kd2 b6 34. Na6 Kg6 35. Nb4 Rf6 36. Ke3 Rf1 37. Rd6+ Kg7 38. Nc6 Rc7 39. Nd4 Rc3+ 40. Kd2 Rc8 41. Ne6+ Kh8 42. Ke2 Rf6 43. Rd7 h6 44. g3 a5 45. Nf4 Rcf8 46. Ke3 Re8 47. h4 h5 48. Rd5 Rh6 49. Rxh5 Rxh5 50. Nxh5 Re5 51. Nf6 b5 52. Nxe4 bxa4 53. Bxa4 Rd5 54. c4 Rf5 55. c5 Rf1 56. c6 Ra1 57. Nc5 1-0

[Event "World ol U16"]
[Site "Ulaanbaatar"]
[Date "2015.08.26"]
[Round "8.2"]
[White "Sai, Vishwesh C"]
[Black "Bilguun, Bayarjargal"]
[Result "1/2-1/2"]
[WhiteElo "2306"]
[BlackElo "1703"]
[PlyCount "58"]
[EventDate "2015.08.20"]
[EventType "team-swiss"]
[EventRounds "9"]
[EventCountry "MGL"]
[SourceTitle "EXT 2016"]
[Source "ChessBase"]
[SourceDate "2015.10.08"]
[SourceVersion "1"]
[SourceVersionDate "2015.10.08"]
[SourceQuality "1"]
[WhiteTeam "India"]
[BlackTeam "Mongolia"]
[WhiteTeamCountry "IND"]
[BlackTeamCountry "MGL"]

1. e4 d6 2. d4 Nf6 3. Nc3 e5 4. dxe5 dxe5 5. Qxd8+ Kxd8 6. Bg5 Bd6 7. 0-0-0 Nbd7 8. Nf3 Ke8 9. Bc4 h6 10. Bxf6 Nxf6 11. Nb5 Ke7 12. Nxd6 cxd6 13. Bd5 Rb8 14. Rd3 Bg4 15. Ng1 Rhc8 16. f3 Bd7 17. b3 a5 18. Kb2 Rc5 19. Ne2 Rbc8 20. c3 Nxd5 21. Rxd5 Rxd5 22. exd5 Rc5 23. Rd1 f5 24. a3 b5 25. b4 Rc4 26. Ng3 g5 27. Nf1 Rc8 28. Nd2 f4 29. g4 Be6 1/2-1/2

[Event "World ol U16"]
[Site "Ulaanbaatar"]
[Date "2015.08.20"]
[Round "1.2"]
[White "Kantor, Gergely"]
[Black "Bilguun, Bayarjargal"]
[Result "1-0"]
[WhiteElo "2408"]
[BlackElo "1703"]
[PlyCount "69"]
[EventDate "2015.08.20"]
[EventType "team-swiss"]
[EventRounds "9"]
[EventCountry "MGL"]
[SourceTitle "EXT 2016"]
[Source "ChessBase"]
[SourceDate "2015.10.08"]
[SourceVersion "1"]
[SourceVersionDate "2015.10.08"]
[SourceQuality "1"]
[WhiteTeam "Hungary"]
[BlackTeam "Mongolia"]
[WhiteTeamCountry "HUN"]
[BlackTeamCountry "MGL"]

1. d4 d6 2. Nf3 Bg4 3. e4 Nf6 4. Nc3 Nbd7 5. h3 Bh5 6. e5 Ng8 7. g4 Bg6 8. e6 fxe6 9. Ng5 Nb6 10. Nxe6 Qd7 11. Nxf8 Kxf8 12. Qf3+ Ke8 13. Qxb7 c6 14. Qxd7+ Kxd7 15. Kd1 Nf6 16. Bg2 Rhf8 17. f4 e6 18. Rf1 Rac8 19. Ne2 Be4 20. Bxe4 Nxe4 21. b3 h5 22. c4 hxg4 23. hxg4 Rh8 24. f5 Rh2 25. fxe6+ Kxe6 26. Be3 Rch8 27. Bg1 Rh1 28. Kc2 R1h4 29. d5+ cxd5 30. Nd4+ Kd7 31. Rf7+ Ke8 32. Raf1 Nd7 33. Rxg7 dxc4 34. Rg6 Ke7 35. Nc6+ 1-0